| 000 | 00653nam a2200205 i 4500 | ||
|---|---|---|---|
| 001 | bgj | ||
| 100 | 1 | _aPASTERNAK, Boris | |
| 245 | 1 | 0 |
_aDoctor Zhivago / _cBoris Pasternak ; transl. by Max Hayward and Manya Harari, "The poems of Yurii Zhivago" by Bernard Guilbert Guerney. |
| 260 |
_aNew York : _bPantheon, _c1958. |
||
| 300 |
_a558, [1] pp ; _c22 cm. |
||
| 650 | 9 |
_aRussian fiction _y20th century |
|
| 700 | 1 |
_aHAYWARD, Max. _etransl. |
|
| 700 | 1 |
_aHARARI, Manya. _etransl. |
|
| 700 | 1 |
_aGUERNEY, Bernard Guilbert. _etransl. |
|
| 020 | _ahbk | ||
| 040 | _cBPK | ||
| 041 | 1 |
_aeng _hruru |
|
| 942 | _cKS | ||
| 008 | s uk f |000 0 eng | ||
| 999 |
_c48032 _d48032 |
||
| 856 |
_uhttp://koha.tu.koszalin.pl/cgi-bin/koha/opac-detail.pl?biblionumber=48032 _yKatalog online BPK |
||